Best All-Time NBA player by Each State - Statistics

General Stats
  • This quiz has been taken 34 times
  • The average score is 24 of 51
Answer Stats
Hint Answer Best Team Years % Correct
Indiana Larry Bird Celtics 1979-1992
97%
Michigan Magic Johnson Lakers 1979-1990
94%
Florida David Robinson Spurs 1989-2003
90%
Maine Duncan Robinson Heat 2018-
90%
Illinois Dwyane Wade Heat 2003-2019
90%
District of Columbia Kevin Durant Thunder 2007-
90%
Ohio LeBron James Cavaliers 2003-
90%
North Carolina Michael Jordan Bulls 1984-2003
90%
Virginia Allen Iverson 76ers 1996-2010
87%
West Virginia Jerry West Lakers 1960-1974
87%
Pennsylvania Kobe Bryant Lakers 1996-2016
87%
Wyoming James Johnson Pacers 2009-
77%
Washington John Stockton Jazz 1984-2003
77%
New Jersey Shaquille O'Neal Lakers 1992-2011
77%
New York Kareem Abdul-Jabbar Lakers 1969-1989
74%
California Kawhi Leonard Spurs 2011-
74%
Arkansas Scottie Pippen Bulls 1987-2004
74%
Louisiana Bill Russell Celtics 1956-1969
71%
South Carolina Kevin Garnett Timberwolves 1995-2016
71%
Alabama Charles Barkley 76ers 1984-2000
65%
Minnesota Kevin McHale Celtics 1980-1992
58%
Oklahoma Blake Griffin Clippers 2009-2023
55%
Texas Clyde Drexler Trail Blazers 1983-1998
55%
Tennessee Oscar Robertson Kings 1960-1974
55%
Missouri Bradley Beal Wizards 2014-
52%
Oregon Domantas Sabonis Kings 2016-
45%
Georgia Walt Frazier Knicks 1967-1979
45%
Massachusetts Bill Laimbeer Pistons 1980-1993
42%
Colorado Chauncey Billups Pistons 1997-2014
42%
Kentucky Wes Unseld Wizards 1969-1980
39%
Montana Phil Jackson Knicks 1967-1980
32%
South Dakota Mike Miller Grizzlies 2000-2017
29%
Connecticut Marcus Camby Nuggets 1996-2013
26%
Kansas Alvan Adams Suns 1975-1988
23%
Wisconsin Latrell Sprewell Warriors 1993-2005
19%
Arizona Sean Elliott Spurs 1990-2001
19%
Utah Tom Chambers SuperSonics 1981-1998
19%
Nebraska Bob Boozer Kings 1960-1971
16%
Iowa Harrison Barnes Kings 2014-
16%
Rhode Island Marvin Barnes Clippers 1974-1980
16%
Alaska Mario Chalmers Heat 2008-2017
13%
Nevada Ricky Davis Cavaliers 1999-2010
13%
Hawaii Cedric Ceballos Suns 1990-2001
10%
Maryland Sam Cassell Bucks 1993-2008
6%
Mississippi Mahmoud-Abdul-Rauf Nuggets 1990-2001
3%
New Mexico Bill Bridges Hawks 1962-1975
0%
North Dakota Doug McDermott Pacers 2014-
0%
Vermont Keith Cieplicki Lakers 1985
0%
Idaho Luke Ridnour Thunder 2003-2015
0%
New Hampshire Matt Bonner Spurs 2004-2016
0%
Deleware Walt Hazzard Hawks 1964-1974
0%
No matching quizzes found
Score Distribution
Percent of People with Each Score
Percentile by Number Answered
Your Score History
You have not taken this quiz